Представление документа в формате MARC21

Поле Инд. ПП Название Значение
Тип записи a
Библиографический уровень m
001 Контрольный номер RU/LIBMSTU/314361050
005 Дата корректировки 20200512135804.8
008 Кодируемые данные 091221|||||||||ru |||||||||||000|||rus||
020 a ISBN 978-5-7598-0500-7
c Цена, тираж 280-94
040 b Код языка каталог. rus
041 0_ a Код языка текста rus
084 a Индекс другой классификации/Индекс ББК 65.011.3+65.012.1+65.02
090 a Полочн. индекс 65.01
x Авторский знак Н 40
091 a Индекс ББК (DOS) Смит А.
245 11 a Заглавие "Невидимая рука" рынка
c Ответственность под ред. Д. Итуэлла, М. Милгейта, П. Ньюмена ; науч. ред. Н. А. Макашева ; пер. с англ. [Ю. Автономов и др.]
260 a Место издания Москва
b Издательство ГУ ВШЭ
c Дата издания 2009
300 a Объем 388 с.
440 _0 a Серия The new palgrave
504 a Библиография Библиогр. в конце ст.
600 14 a Персоналии Хайек Ф., экономист, философ
600 34 a Персоналии Гоббс Т., философ
600 14 a Персоналии Локк Дж., философ
600 34 a Персоналии Бентам И., английский философ-моралист, социолог
600 34 a Персоналии Гоббс Т., философ
600 34 a Персоналии Миллар Дж., американский психолог
600 34 a Персоналии Мандевилль Б., английский философ, сатирический писатель
650 04 a Основная рубрика Рынок-Теория
650 14 a Основная рубрика История экономической мысли
653 0_ a Ключевые слова Анархизм
a Ключевые слова Законы экономические
a Ключевые слова Индивидуализм
a Ключевые слова Институциональная экономическая теория
a Ключевые слова Рынки
a Ключевые слова Собственность
a Ключевые слова Экономика
a Ключевые слова Экономические законы
700 12 a Другие авторы Итуэлл Д.
e Роль лиц ред.
700 1_ a Другие авторы Макашева Н. А.
e Роль лиц ред.
901 t Тип документа m